000 00885nam0a2200277 4500
001 RU\NLR\bibl\581
005 20260406030710.0
010 _a5-88475-207-5
_920000
021 _aRU
_b97-23949
_9988
035 _a(NLR Aleph) 000000517
090 _a649
_c649
100 _a19980410d1997 |||y0rusy50 ca
101 0 _arus
102 _aRU
105 _a|||||||||||||
200 1 _aОхота на "крутых"
_e[Роман]
_fАлександр Граков
_g[Худож. М. Пыльцын]
210 _aРостов н/Д.
_cПроф-Пресс
_d1997
215 _a408 с.
_cил.
_d21
686 _aШ6(2=Р)75-446
700 1 _4070
_7ba
_8fre
_aSartre
_bJ.-P.
_f1905-1980
_gJean-Paul
_9110989
_3RU\NLR\auth\77954
801 0 _aRU
_bNLR
_c19980410
_gPSBO
801 1 _aRU
_bNLR
_c19980410
852 _aNLR
_j97-3/5857
942 _cBOOK
980 _aNB